Central Library OPAC University of Rajshahi

Biotechnological applications for food security in developing countries / (Record no. 37612)

MARC details
000 -LEADER
fixed length control field 01142nam a2200289 a 4500
001 - CONTROL NUMBER
control field 37612
003 - CONTROL NUMBER IDENTIFIER
rucl marc code BD-RjUL
005 - DATE AND TIME OF LATEST TRANSACTION
control field 20211209052628.0
008 - FIXED-LENGTH DATA ELEMENTS--GENERAL INFORMATION
fixed length control field 150203s1993 ii b 001 0 eng
020 ## - INTERNATIONAL STANDARD BOOK NUMBER
International Standard Book Number 8120407679
035 ## - SYSTEM CONTROL NUMBER
System control number (BD-RjUL)37716
040 ## - CATALOGING SOURCE
Original cataloging agency DLC
Transcribing agency DLC
Modifying agency DLC
-- BD-RjUL
Language of cataloging eng
041 ## - LANGUAGE CODE
Language code of text/sound track or separate title eng
082 ## - DEWEY DECIMAL CLASSIFICATION NUMBER
Edition number 19
Classification number 338.191724
Author mark and year BIO 1993
245 00 - TITLE STATEMENT
Title Biotechnological applications for food security in developing countries /
Statement of responsibility, etc. edited by H.C. Srivastava for Centre for Science and Technology of the Non-Aligned and Other Developing Countries.
260 ## - PUBLICATION, DISTRIBUTION, ETC. (IMPRINT)
Place of publication, distribution, etc. New Delhi :
Name of publisher, distributor, etc. Oxford & IBH Pub. Co.,
Date of publication, distribution, etc. c1993.
300 ## - PHYSICAL DESCRIPTION
Pagination xxvii, 616 p. ;
Size 25 cm.
504 ## - BIBLIOGRAPHY, ETC. NOTE
Bibliography, etc Includes bibliographical references and index.
520 ## - SUMMARY, ETC.
Summary, etc. Contributed research papers.
650 #0 - SUBJECT ADDED ENTRY--TOPICAL TERM
Topical term or geographic name as entry element Food supply
General subdivision Developing countries
-- Congresses.
9 (RLIN) 115656
Topical term or geographic name as entry element Food supply
General subdivision International Cooperation
-- Congresses.
9 (RLIN) 115657
700 1# - ADDED ENTRY--PERSONAL NAME
Personal name Srivastava, H. C.
710 2# - ADDED ENTRY--CORPORATE NAME
Corporate name or jurisdiction name as entry element Centre for Science and Technology of the Non-Aligned and Other Developing Countries.
9 (RLIN) 115659
942 ## - ADDED ENTRY ELEMENTS (KOHA)
Source of classification or shelving scheme Dewey Decimal Classification
Koha item type Books
Holdings
Lost status Source of classification or shelving scheme Damaged status Not for loan Collection code Permanent Location Current Location Shelving location Date acquired Cost, normal purchase price Total Checkouts Full call number Date last seen Copy number Koha item type
  Dewey Decimal Classification   Not For Loan Non-fiction Institute of Biological Sciences (IBSc) Library Institute of Biological Sciences (IBSc) Library   03/02/2015 1031.00   338.191724 BIO 1993 03/02/2015 C-1 Books
  Dewey Decimal Classification   Not For Loan Non-fiction Institute of Biological Sciences (IBSc) Library Institute of Biological Sciences (IBSc) Library   03/02/2015 965.25   338.191724 BIO 1993 03/02/2015 C-2 Books